|
|
|
|
| LEADER |
00000naa2a2200000 4500 |
| 001 |
180897 |
| 005 |
20231031170922.0 |
| 035 |
|
|
|a (RuTPU)RU\TPU\book\196105
|
| 090 |
|
|
|a 180897
|
| 100 |
|
|
|a 20100528d2009 k y0rusy50 ca
|
| 101 |
0 |
|
|a rus
|
| 102 |
|
|
|a RU
|
| 200 |
1 |
|
|a Оценка влияния Бурштынской ТЭС (Украина) на водные объекты
|f М. Ю. Никалина
|g науч. рук. Е. М. Дутова
|
| 320 |
|
|
|a Библиогр.: 3 назв.
|
| 463 |
|
0 |
|0 (RuTPU)RU\TPU\book\186895
|y 978-5-98298-569-9
|t Проблемы геологии и освоения недр
|o труды XIII Международного симпозиума имени академика М. А. Усова студентов и молодых ученых, посвященного 110-летию со дня рождения К. В. Радугина
|f Томский политехнический университет (ТПУ), Институт геологии и нефтегазового дела (ИГНД)
|v С. 253-255
|d 2009
|p 993 с.
|
| 610 |
1 |
|
|a Бурштынская ТЭС
|
| 610 |
1 |
|
|a тепловые электростанции
|
| 610 |
1 |
|
|a антропогенное воздействие
|
| 610 |
1 |
|
|a водные объекты
|
| 610 |
1 |
|
|a закисление
|
| 610 |
1 |
|
|a Украина
|
| 610 |
1 |
|
|a труды учёных ТПУ
|
| 700 |
|
1 |
|a Никалина
|b М. Ю.
|
| 702 |
|
1 |
|a Дутова
|b Е. М.
|c гидрогеолог
|c профессор Томского политехнического университета, доктор геолого-минералогических наук
|f 1956-
|g Екатерина Матвеевна
|2 stltpush
|4 727
|
| 801 |
|
1 |
|a RU
|b 63413507
|c 20100528
|
| 801 |
|
2 |
|a RU
|b 63413507
|c 20170411
|g RCR
|
| 942 |
|
|
|c BK
|